[Event "Belgrade-chT Quality"]
[Site "Belgrade"]
[Date "2021.11.07"]
[Round "8.5"]
[White "Mitrovic, Vojin"]
[Black "Trisic, Petar"]
[Result "1-0"]
[WhiteElo "1801"]
[BlackElo "1566"]
[PlyCount "85"]
[EventDate "2021.10.16"]
[EventType "team-tourn"]
[EventRounds "11"]
[EventCountry "SRB"]
[SourceTitle "EXT 2023"]
[Source "ChessBase"]
[SourceDate "2022.10.05"]
[SourceVersion "1"]
[SourceVersionDate "2022.10.05"]
[SourceQuality "1"]
[WhiteTeam "Belgrade Zemun"]
[BlackTeam "Belgrade Obrenovac"]
[WhiteTeamCountry "SRB"]
[BlackTeamCountry "SRB"]

1. e4 d6 2. d4 Nf6 3. Nc3 g6 4. Nf3 Bg7 5. Be3 0-0 6. h3 e5 7. dxe5 dxe5 8. Bc4 Qe7 9. 0-0 a6 10. a4 Rd8 11. Qe2 Nc6 12. Rfd1 Be6 13. Bg5 h6 14. Nd5 Bxd5 15. exd5 Na5 16. Bxf6 Bxf6 17. c3 Nxc4 18. Qxc4 Rd6 19. Nd2 Rad8 20. Ne4 R6d7 21. a5 Rb8 22. Rd3 Bg7 23. Rad1 Qh4 24. d6 cxd6 25. Rxd6 Rxd6 26. Rxd6 Kh7 27. Qd5 Qf4 28. b4 h5 29. Rd7 Qc1+ 30. Kh2 f5 31. Qf7 Qh6 32. Ng5+ Kh8 33. Ne6 Rg8 34. Rxb7 h4 35. b5 axb5 36. a6 Qd2 37. Qxg6 e4 38. Rxg7 Qd6+ 39. Kh1 Qd1+ 40. Kh2 Qd6+ 41. g3 hxg3+ 42. Qxg3 Qxe6 43. Rxg8+ 1-0

[Event "Belgrade-chT Quality"]
[Site "Belgrade"]
[Date "2021.10.17"]
[Round "2.4"]
[White "Stefanovic, Ivo"]
[Black "Mitrovic, Vojin"]
[Result "1-0"]
[WhiteElo "1928"]
[BlackElo "1801"]
[PlyCount "65"]
[EventDate "2021.10.16"]
[EventType "team-tourn"]
[EventRounds "11"]
[EventCountry "SRB"]
[SourceTitle "EXT 2023"]
[Source "ChessBase"]
[SourceDate "2022.10.05"]
[SourceVersion "1"]
[SourceVersionDate "2022.10.05"]
[SourceQuality "1"]
[WhiteTeam "Belgrade Sremcica"]
[BlackTeam "Belgrade Zemun"]
[WhiteTeamCountry "SRB"]
[BlackTeamCountry "SRB"]

1. d4 Nf6 2. Nf3 e6 3. Bf4 c5 4. e3 b6 5. Nbd2 Bb7 6. Bd3 Be7 7. c3 0-0 8. Qb1 h6 9. h3 d6 10. 0-0 Nbd7 11. Bh2 a6 12. a4 Qc7 13. Rd1 e5 14. dxe5 Nxe5 15. Nxe5 dxe5 16. Bf1 Bc6 17. Nc4 Nd7 18. Qf5 Bf6 19. Qh5 Rfd8 20. b3 b5 21. axb5 axb5 22. Rxa8 Rxa8 23. Nd6 Nf8 24. Nxb5 Qb6 25. c4 Ng6 26. Qf5 Ne7 27. Qc2 Nc8 28. Qf5 Na7 29. Nxa7 Rxa7 30. Bxe5 Bxe5 31. Qxe5 Qxb3 32. Rd8+ Kh7 33. Bd3+ 1-0